[Event "Campos Migjorn op"]
[Site "Campos"]
[Date "2019.09.14"]
[Round "4"]
[White "Cespedes Alemany, Pau"]
[Black "Cisneros Alomar, Javier"]
[Result "0-1"]
[WhiteElo "1689"]
[BlackElo "2133"]
[PlyCount "120"]
[EventDate "2019.09.06"]
[EventType "swiss"]
[EventRounds "8"]
[EventCountry "ESP"]
[SourceTitle "EXT 2020"]
[Source "ChessBase"]
[SourceDate "2019.10.17"]
[SourceVersion "1"]
[SourceVersionDate "2019.10.17"]
[SourceQuality "1"]

1. e4 c6 2. d4 d5 3. e5 Bf5 4. Nf3 e6 5. Be2 Nd7 6. Nbd2 h6 7. 0-0 Ne7 8. Nb3 Nc8 9. a4 a5 10. Bd2 Be7 11. Bd3 Bxd3 12. cxd3 Qb6 13. Rc1 0-0 14. Qc2 Rd8 15. Nc5 Nb8 16. Be3 Na6 17. Qd2 Bf8 18. Rc3 Nb4 19. Rb3 Qc7 20. Rc3 Ne7 21. Nh4 b6 22. Nb3 Qd7 23. Qe2 Ng6 24. Nxg6 fxg6 25. Qg4 Qf7 26. Nc1 Rac8 27. Ne2 Qf5 28. Qxf5 gxf5 29. b3 g5 30. g3 Be7 31. h4 gxh4 32. Bxh6 hxg3 33. Nxg3 Kf7 34. Kg2 Rg8 35. Kf3 Rg4 36. Bf4 Rh8 37. Ne2 Rh3+ 38. Ng3 Rhh4 39. Ne2 Ke8 40. Ke3 Kd7 41. Bg3 Rh7 42. Rcc1 Bg5+ 43. f4 Be7 44. Rh1 Rhg7 45. Rh3 c5 46. dxc5 bxc5 47. d4 cxd4+ 48. Kxd4 Bd8 49. Rch1 Bb6+ 50. Kc3 d4+ 51. Kc4 d3 52. Rd1 Kc6 53. Rxd3 Nxd3 54. Kxd3 Bc5 55. Be1 Rg2 56. Bxa5 Rd7+ 57. Kc4 Rxe2 58. b4 Re4+ 59. Kb3 Re3+ 60. Rxe3 Bxe3 0-1

[Event "Mallorca-chT Preferente"]
[Site "Mallorca"]
[Date "2016.03.15"]
[Round "7.1"]
[White "Bergas Ferriol, Jeronimo"]
[Black "Cisneros Alomar, Javier"]
[Result "0-1"]
[WhiteElo "2003"]
[BlackElo "2146"]
[PlyCount "56"]
[EventDate "2016.03.01"]
[EventType "team-tourn"]
[EventRounds "9"]
[EventCountry "ESP"]
[SourceTitle "EXT 2024"]
[Source "ChessBase"]
[SourceDate "2023.10.10"]
[SourceVersion "1"]
[SourceVersionDate "2023.10.10"]
[SourceQuality "1"]
[WhiteTeam "Maria Salut"]
[BlackTeam "Alcudia"]
[WhiteTeamCountry "ESP"]
[BlackTeamCountry "ESP"]

1. e4 c6 2. Nc3 d5 3. Nf3 Bg4 4. h3 Bh5 5. exd5 cxd5 6. Bb5+ Nc6 7. g4 Bg6 8. Ne5 Rc8 9. d4 e6 10. h4 f6 11. Nxg6 hxg6 12. Qd3 Kf7 13. a3 Bd6 14. Be3 Nge7 15. Ke2 a6 16. Bxc6 Rxc6 17. Raf1 Qc7 18. f4 f5 19. g5 Bxa3 20. Nb5 axb5 21. Qxa3 Rxc2+ 22. Kf3 Qc4 23. Rf2 b4 24. Qa4 Rxf2+ 25. Bxf2 Qd3+ 26. Kg2 Qe4+ 27. Kh2 Qxf4+ 28. Bg3 Rxh4+ 0-1

[Event "Mallorca-chT Preferente"]
[Site "Mallorca"]
[Date "2016.03.09"]
[Round "4.1"]
[White "Cisneros Alomar, Javier"]
[Black "Ponce Cano, Adrian"]
[Result "0-1"]
[WhiteElo "2146"]
[BlackElo "2141"]
[PlyCount "72"]
[EventDate "2016.03.01"]
[EventType "team-tourn"]
[EventRounds "9"]
[EventCountry "ESP"]
[SourceTitle "EXT 2024"]
[Source "ChessBase"]
[SourceDate "2023.10.10"]
[SourceVersion "1"]
[SourceVersionDate "2023.10.10"]
[SourceQuality "1"]
[WhiteTeam "Alcudia"]
[BlackTeam "La Balanguera"]
[WhiteTeamCountry "ESP"]
[BlackTeamCountry "ESP"]

1. d4 f5 2. Nf3 Nf6 3. g3 g6 4. Bg2 Bg7 5. 0-0 0-0 6. c4 d6 7. Nc3 Nc6 8. d5 Na5 9. Qa4 c5 10. dxc6 Nxc6 11. Rd1 Kh8 12. Bd2 Be6 13. Rac1 Bg8 14. Be1 Nd7 15. b3 Qe8 16. Nb5 Rc8 17. Nbd4 Nc5 18. Qa3 Nxd4 19. Nxd4 a6 20. Bc3 e5 21. Nf3 Ne4 22. Bb2 h6 23. Nd2 Nc5 24. Nf3 Rd8 25. Qb4 g5 26. Qe1 Qg6 27. b4 Nd7 28. a3 Rfe8 29. Nd2 b6 30. Nf1 f4 31. Qd2 Nf6 32. Qc2 Qh5 33. Nd2 Bh7 34. Ne4 fxg3 35. hxg3 Ng4 36. Bf3 Qh2+ 0-1

[Event "Mallorca-chT Primera"]
[Site "Palma de Mallorca"]
[Date "2012.02.11"]
[Round "2.5"]
[White "Schenk Papke, Andres"]
[Black "Cisneros Alomar, Javier"]
[Result "1/2-1/2"]
[WhiteElo "2050"]
[BlackElo "2140"]
[PlyCount "20"]
[EventDate "2012.01.28"]
[EventType "team"]
[EventRounds "9"]
[EventCountry "ESP"]
[SourceTitle "EXT 2014"]
[Source "ChessBase"]
[SourceDate "2013.11.20"]
[SourceVersion "1"]
[SourceVersionDate "2013.11.20"]
[SourceQuality "1"]

1. e4 c6 2. d4 d5 3. exd5 cxd5 4. Bd3 Nf6 5. c3 Nc6 6. Bf4 e6 7. Nf3 Bd6 8. Bxd6 Qxd6 9. Nbd2 0-0 10. 0-0 Rb8 1/2-1/2

[Event "Mallorca-chT"]
[Site "Palma de Mallorca"]
[Date "2002.03.17"]
[Round "8.1"]
[White "Fraga Castro, Jose Carlos"]
[Black "Cisneros Alomar, Javier"]
[Result "1/2-1/2"]
[WhiteElo "2124"]
[BlackElo "2205"]
[PlyCount "121"]
[EventDate "2002.??.??"]
[EventType "team-tourn"]
[EventRounds "10"]
[EventCountry "ESP"]
[SourceTitle "EXT 2003"]
[Source "ChessBase"]
[SourceDate "2002.11.25"]
[SourceVersion "1"]
[SourceVersionDate "2002.11.25"]
[SourceQuality "1"]

1. e4 c6 2. Nc3 d5 3. Nf3 Bg4 4. h3 Bh5 5. exd5 cxd5 6. Bb5+ Nc6 7. g4 Bg6 8. Ne5 Rc8 9. h4 f6 10. Nxg6 hxg6 11. d4 e6 12. Qd3 Kf7 13. h5 gxh5 14. gxh5 Nce7 15. Be3 Nf5 16. Qd2 Bb4 17. Bd3 Nge7 18. a3 Qa5 19. Rb1 Bxc3 20. bxc3 Qxa3 21. Rxb7 Qa1+ 22. Qd1 Qxc3+ 23. Kf1 Rc7 24. Rb3 Qc6 25. Rg1 Qd6 26. Qg4 Nxe3+ 27. fxe3 g5 28. hxg6+ Kg7 29. Kf2 f5 30. Qg3 Rh2+ 31. Kf3 Qxg3+ 32. Kxg3 Rh6 33. Ra1 Rxg6+ 34. Kf3 Kf6 35. Rb8 Nc6 36. Rf8+ Ke7 37. Rh8 Rg7 38. Ra4 Nd8 39. Ra6 Nf7 40. Ra8 Kf6 41. Kf2 Ng5 42. Rf8+ Rgf7 43. Re8 Rfe7 44. Rd8 Nf7 45. Rg8 Red7 46. Kf3 Rd8 47. Rg1 Rd6 48. Rxd6 Nxd6 49. Ra1 Nc8 50. Ba6 Nb6 51. Bd3 Nd7 52. Ra6 Nb8 53. Ra1 Ke7 54. Kf4 Kd6 55. Ra5 a6 56. Ra4 Ra7 57. Ra5 Kc7 58. c4 dxc4 59. Bxc4 Kb6 60. Re5 Re7 61. d5 1/2-1/2

[Event "Mallorca-chT"]
[Site "Palma de Mallorca"]
[Date "2002.01.19"]
[Round "1.3"]
[White "Cisneros Alomar, Javier"]
[Black "Gonzalez Marquez, Arturo"]
[Result "1-0"]
[WhiteElo "2205"]
[BlackElo "2116"]
[PlyCount "83"]
[EventDate "2002.??.??"]
[EventType "team-tourn"]
[EventRounds "10"]
[EventCountry "ESP"]
[SourceTitle "EXT 2003"]
[Source "ChessBase"]
[SourceDate "2002.11.25"]
[SourceVersion "1"]
[SourceVersionDate "2002.11.25"]
[SourceQuality "1"]

1. d4 Nf6 2. c4 d6 3. Nc3 Nbd7 4. Nf3 e5 5. dxe5 dxe5 6. Bg5 Bb4 7. Qb3 Qe7 8. e3 Nc5 9. Qc2 h6 10. Bxf6 Qxf6 11. 0-0-0 Bxc3 12. Qxc3 e4 13. Qxf6 gxf6 14. Nd4 a5 15. Nb5 Ne6 16. Nc3 f5 17. Be2 Bd7 18. Rd5 Rg8 19. g3 Ng5 20. h4 Nf3 21. Bxf3 exf3 22. Rhd1 Be6 23. R5d4 c6 24. a3 Ke7 25. c5 Rab8 26. R1d2 Rg4 27. Na4 Rbg8 28. Nb6 Rxd4 29. Rxd4 Rg4 30. Kd2 Re4 31. Kd3 Re5 32. b4 axb4 33. axb4 Kf6 34. Na4 Rd5 35. Nc3 Rxd4+ 36. Kxd4 Kg6 37. Ke5 Bc4 38. Nb1 Bd3 39. Nd2 Be2 40. Nb3 Bc4 41. Nd4 Be2 42. Nxf5 1-0

[Event "ESP-ch op-A"]
[Site "Cala Mendia"]
[Date "2001.11.24"]
[Round "8"]
[White "Cisneros Alomar, Javier"]
[Black "Gaya Llodra, Juan"]
[Result "0-1"]
[WhiteElo "2166"]
[BlackElo "2245"]
[PlyCount "50"]
[EventDate "2001.11.17"]
[EventType "swiss"]
[EventRounds "9"]
[EventCountry "ESP"]
[SourceTitle "CBM 085 Extra"]
[Source "ChessBase"]
[SourceDate "2002.01.21"]
[SourceVersion "1"]
[SourceVersionDate "2002.01.21"]
[SourceQuality "1"]

1. d4 Nf6 2. c4 e6 3. Nf3 c5 4. Nc3 cxd4 5. Nxd4 Nc6 6. g3 Qb6 7. Ndb5 Bc5 8. e3 a6 9. Na4 Bb4+ 10. Bd2 Qa5 11. Nd6+ Ke7 12. Nxc8+ Raxc8 13. Nc3 Qf5 14. Bg2 Ne5 15. 0-0 Rxc4 16. a3 Bd6 17. b4 Qd3 18. Rc1 b5 19. f4 Neg4 20. Re1 h5 21. f5 Nxh2 22. Kxh2 Ng4+ 23. Kg1 Bxg3 24. e4 Bf2+ 25. Kh1 Qg3 0-1

[Event "Mallorca-chT Preferente"]
[Site "Palma de Mallorca"]
[Date "2001.03.31"]
[Round "13.2"]
[White "Cisneros Alomar, Javier"]
[Black "Mascaro March, Pedro"]
[Result "1/2-1/2"]
[WhiteElo "2213"]
[BlackElo "2350"]
[PlyCount "88"]
[EventDate "2001.01.13"]
[EventType "team-tourn"]
[EventRounds "14"]
[EventCountry "ESP"]
[SourceTitle "EXT 2002"]
[Source "ChessBase"]
[SourceDate "2001.11.25"]
[SourceVersion "1"]
[SourceVersionDate "2001.11.25"]
[SourceQuality "1"]

1. d4 Nf6 2. c4 e6 3. Nf3 b6 4. g3 Ba6 5. Qa4 c5 6. Bg2 Bb7 7. dxc5 Bxc5 8. 0-0 0-0 9. Nc3 Be7 10. Rd1 Na6 11. Be3 Qc8 12. Rac1 Rd8 13. Nb5 Nc5 14. Bxc5 bxc5 15. Nd6 Bxd6 16. Rxd6 Bc6 17. Qa3 Qb7 18. Rd3 a5 19. Rcd1 Be4 20. R3d2 Rdc8 21. Qe3 h6 22. Ne1 d5 23. cxd5 Bxd5 24. Bxd5 Nxd5 25. Qf3 c4 26. Rc1 Rc6 27. Rdc2 Rac8 28. Qe4 Qa6 29. a3 a4 30. Qd4 Qb5 31. e4 Nb6 32. Nf3 R6c7 33. Qe3 Qb3 34. Qe2 Qb5 35. Qe3 Qa5 36. Nd2 e5 37. Nb1 Rd7 38. Qe2 Qc5 39. Nc3 Rd4 40. Na2 Qc6 41. Re1 Rcd8 42. Nb4 Qc5 43. Rcc1 Qd6 44. Kg2 Rd7 1/2-1/2

[Event "Mallorca-chT Preferente"]
[Site "Palma de Mallorca"]
[Date "2001.03.03"]
[Round "10.2"]
[White "Cisneros Alomar, Javier"]
[Black "Bellon Lopez, Jose Maria"]
[Result "1-0"]
[WhiteElo "2213"]
[BlackElo "2104"]
[PlyCount "183"]
[EventDate "2001.01.13"]
[EventType "team-tourn"]
[EventRounds "14"]
[EventCountry "ESP"]
[SourceTitle "EXT 2002"]
[Source "ChessBase"]
[SourceDate "2001.11.25"]
[SourceVersion "1"]
[SourceVersionDate "2001.11.25"]
[SourceQuality "1"]

1. d4 Nf6 2. c4 d6 3. Nc3 c6 4. e4 Qc7 5. Bd3 e5 6. d5 Be7 7. Nge2 Bg4 8. f3 Bh5 9. Be3 Nbd7 10. Qd2 Nc5 11. Bc2 a5 12. 0-0 0-0 13. Rfc1 Nfd7 14. b3 Bg6 15. Ng3 Nb6 16. dxc6 bxc6 17. Rd1 f6 18. Qf2 Rfd8 19. Rd2 Nbd7 20. Rad1 Ne6 21. Nf5 Bxf5 22. exf5 Nec5 23. Ne4 Nxe4 24. Bxe4 Nc5 25. Bc2 Rab8 26. f4 Nd7 27. h3 exf4 28. Bxf4 Ne5 29. Kh1 Qb6 30. Qxb6 Rxb6 31. c5 Rb4 32. Bxe5 fxe5 33. cxd6 Bf6 34. Re2 c5 35. Rd5 a4 36. Rxc5 Rxd6 37. bxa4 Rd7 38. Bb3+ Kf8 39. g4 h6 40. a5 Ke7 41. Kg2 Rbd4 42. a6 Ra7 43. Bc4 Kd6 44. Rc8 Rc7 45. Be6 Ra7 46. Bc4 Rc7 47. Rxc7 Kxc7 48. Bb5 Rb4 49. a4 e4 50. Rc2+ Kb8 51. Rc6 Bd4 52. Re6 Rb2+ 53. Kg3 e3 54. h4 Rc2 55. g5 hxg5 56. hxg5 Rc7 57. Kg4 Rf7 58. Kf4 Ka7 59. Ke4 Bb2 60. Be2 Ba1 61. Kf4 Bd4 62. Bf3 Bb6 63. Bb7 Bc7+ 64. Kg4 Bb6 65. Re8 Bc5 66. a5 Rf8 67. Re5 Bb4 68. Rxe3 Bxa5 69. Rf3 Bb6 70. Kh5 Bd4 71. Kg6 Ba1 72. f6 gxf6 73. gxf6 Bd4 74. f7 Bc5 75. Kg7 Kb6 76. Rb3+ Ka7 77. Rb5 Bd6 78. Rd5 Ba3 79. Re5 Rd8 80. Re8 Rd4 81. f8Q Rg4+ 82. Kh6 Bxf8+ 83. Rxf8 Rg3 84. Rf7 Ra3 85. Kg5 Ra1 86. Kf5 Rf1+ 87. Ke6 Re1+ 88. Kd7 Rd1+ 89. Ke8 Ra1 90. Rd7 Re1+ 91. Kd8 Ra1 92. Rc7 1-0